| 000 | 00341nam a22001457a 4500 | ||
|---|---|---|---|
| 005 | 20161015152442.0 | ||
| 008 | 161015b xxu||||| |||| 00| 0 eng d | ||
| 041 | _aeng | ||
| 100 |
_aPrasad,Bajapai P D Ambika _93608 |
||
| 245 | _aSamacharpatro Ka Ithas | ||
| 260 | _bGyan Mandal | ||
| 300 | _a395 | ||
| 650 |
_ajournlism _93609 |
||
| 942 | _cBK | ||
| 999 |
_c5273 _d5271 |
||